000
00266 a2200109 4500
999
_c
13442
_d
13442
008
250813b ||||| |||| 00| 0 eng d
020
_a
9772951003003
100
_a
Ji-Young Kim Jeong-Hyeon Oh
245
_a
A+PLUS 1
260
_b
Hye-Young Jeong
_c
2024
942
_2
ddc